|
|
|
|
| LEADER |
00000nam0a2200000 4500 |
| 001 |
677924 |
| 005 |
20241226093611.0 |
| 090 |
|
|
|a 677924
|
| 100 |
|
|
|a 20241225d1979 m||y0rusy50 ca
|
| 101 |
0 |
|
|a rus
|
| 102 |
|
|
|a RU
|
| 105 |
|
|
|a y j 001yy
|
| 181 |
|
0 |
|a i
|b e
|
| 182 |
|
0 |
|a n
|
| 183 |
|
0 |
|a nc
|2 RDAcarrier
|
| 200 |
1 |
|
|a Исследование устойчивости нелинейных систем
|e учебное пособие
|f В. Г. Веретенников, А. П. Маркеев
|g Московский авиационный институт
|
| 203 |
|
|
|a Текст
|b визуальный
|c непосредственный
|
| 210 |
|
|
|a Москва
|c Изд-во МАИ
|d 1979
|
| 215 |
|
|
|a 95 с.
|
| 283 |
|
|
|a volume
|2 RDAcarrier
|
| 320 |
|
|
|a Литература: с. 93
|
| 606 |
1 |
|
|a Нелинейные системы
|9 82251
|
| 610 |
1 |
|
|a математика
|
| 610 |
1 |
|
|a устойчивость
|
| 610 |
1 |
|
|a методы Ляпунова
|
| 610 |
1 |
|
|a движение
|
| 610 |
1 |
|
|a гамильтоновы системы
|
| 610 |
1 |
|
|a дифференциальные уравнения
|
| 610 |
1 |
|
|a учебные пособия
|
| 675 |
|
|
|a 517.957(075.8)
|v 4
|
| 700 |
|
1 |
|a Веретенников
|b В. Г.
|
| 701 |
|
1 |
|a Маркеев
|b А. П.
|
| 712 |
0 |
2 |
|a Московский авиационный институт
|c (1930- )
|4 570
|9 23867
|
| 801 |
|
0 |
|a RU
|b 63413507
|c 20241225
|
| 830 |
|
|
|a Ретро2024Каталогизация Кузнецова
|
| 850 |
|
|
|a 63413507
|
| 942 |
|
|
|c BK
|